Swipke paeunŭn Hanʼgugŏ = Easy learning Korean. Ch'ogŭp : ilkki, ssŭgi /
쉽게배우는한국어 = Easy learning Korean. 초급 : 읽기쓰기
| Diğer Yazarlar: | , , |
|---|---|
| Materyal Türü: | Kitap |
| Dil: | Multiple Korean English |
| Baskı/Yayın Bilgisi: |
Sŏul :
LanguagePLUS,
2007.
|
| Konular: | |
| Classic Catalogue: | View this record in Classic Catalogue |
| LEADER | 01319nam a2200313 a 4500 | ||
|---|---|---|---|
| 001 | 00025815 | ||
| 003 | BD-DhAAL | ||
| 008 | 120826s2007 ko ab 001 0 mul d | ||
| 020 | |a 9788955185317 | ||
| 020 | |a 9788955185331 (set) | ||
| 040 | |a BD-DhAAL |c BD-DhAAL | ||
| 041 | |a kor |a eng | ||
| 082 | 0 | 4 | |a 495.782 |2 22 |
| 245 | 1 | 0 | |6 880-01 |a Swipke paeunŭn Hanʼgugŏ = |b Easy learning Korean. |p Ch'ogŭp : ilkki, ssŭgi / |c U Hyŏng-sik, Cho Wi-su, Pak Sŏng-gyŏng kongjŏ. |
| 246 | 2 | |a Easy learning Korean | |
| 260 | |a Sŏul : |b LanguagePLUS, |c 2007. | ||
| 300 | |a 334 p. : |b ill. ; |c 26 cm. | ||
| 500 | |a Includes index. | ||
| 541 | |a 00025815 | ||
| 650 | 0 | |a Korean language |x Study and teaching |x English speakers |9 59417 | |
| 650 | 0 | |a Korean language |x Problems, exercises |9 59418 | |
| 700 | 1 | |a U, Hyŏng-sik. |9 59419 | |
| 700 | 1 | |a Cho, Wi-su. |9 59420 | |
| 700 | 1 | |a Pak, Sŏng-gyŏng. |9 59421 | |
| 852 | 1 | |a Ayesha Abed Library |c General Stacks | |
| 880 | |6 245-01 |a 쉽게배우는한국어 = |b Easy learning Korean. |p 초급 : 읽기쓰기 | ||
| 942 | |2 ddc |c BK | ||
| 999 | |c 12776 |d 12776 | ||
| 952 | |0 0 |1 0 |2 ddc |4 0 |6 495_782000000000000_SWI |7 0 |9 21038 |a BRACUL |b BRACUL |c GEN |d 2012-08-28 |e BIL |g 859.48 |l 2 |m 4 |o 495.782 SWI |p 3010025815 |r 2025-08-10 |s 2025-07-13 |t 1 |w 2012-08-28 |y BK |x Transferred from King Sejong Institute (BIL) to BRACUL on 11/10/23 | ||